00189nam a2200073Ia 4500008004100000100000900041245002800050260003700078190216s9999||||xx |||||||||||||| ||und|| aNull 0aHindi-Niroj Shah Mehtha bKerala Sasthra Sahithya Parishad